Statystyki dla Województwa według podpowiedzi

Kliknij tutaj aby rozwiązać quiz!

Ogólne statystyki

  • Ten quiz został rozwiązany 146 razy
  • Średni wynik to 14 z 16

Statystyki odpowiedzi

PodpowiedziOdpowiedź% Poprawnych
Neptun, morze, półwyseppomorskie
94%
CPK, syrenka, celebrycimazowieckie
90%
kościoły, góry, Ukrainapodkarpackie
90%
memy, Kononowicz, żubrypodlaskie
90%
majonez, góry, ksiądzświętokrzyskie
90%
latarnie, paprykarz, gryfzachodniopomorskie
90%
olej, pierniki, Wisłakujawsko-pomorskie
89%
jeziora, Grunwald, miasta na Ewarmińsko-mazurskie
88%
twierdza, cebularz, wschódlubelskie
85%
królowie, góry, papieżmałopolskie
85%
aglomeracja, klasztor, górnicyśląskie
85%
góry, zamki, pociągdolnośląskie
81%
żużel, Woodstock, Jezuslubuskie
78%
rolnictwo, rogale, Pejawielkopolskie
78%
koncerty, niemieckie tablice miejscowościopolskie
77%
dżem, elektrownia, fabrykiłódzkie
73%

Rozkład punktacji

Percentyl według liczby udzielonych odpowiedzi

Procent ludzi z każdym wynikiem

Twoja historia wyników

Nie rozwiązałeś tego quizu